El jardín sin riego
Saved in:
| Hovedforfatter: | |
|---|---|
| Format: | Bog |
| Sprog: | spansk |
| Udgivet: |
Barcelona
Omega
2008
|
| Fag: | |
| Tags: |
Tilføj Tag
Ingen Tags, Vær først til at tagge denne postø!
|
MARC
| LEADER | 00000nam a2200000 a 4500 | ||
|---|---|---|---|
| 001 | UCH9708 | ||
| 003 | CL-VaPUC | ||
| 008 | 100121e20080000SP |||||||||||||||||spa|d | ||
| 020 | |a 9788428215022 | ||
| 082 | 0 | 4 | |a 635.98 |b FIL |2 21 |
| 100 | 0 | |a Filippi, Olivier |e author |9 546980 | |
| 245 | 1 | 3 | |a El jardín sin riego |
| 300 | |a 208 p | ||
| 942 | |c BK | ||
| 945 | |d 20100121 00:00:00 |a rbrito | ||
| 260 | |a Barcelona |b Omega |c 2008 | ||
| 650 | 0 | |a Jardinería |9 310804 | |
| 650 | 0 | |a Cultivo |9 264268 | |
| 650 | 0 | |a Riego |9 259685 | |
| 650 | 7 | |a CONTROL DE RIEGO |2 CL-VaPUC |9 499301 | |
| 650 | 7 | |a SEQUIA |2 CL-VaPUC |9 398039 | |
| 650 | 0 | |a Plantas |9 264555 | |
| 583 | |a last modification |c 20100121 00:00:00 |k Rodrigo Vera | ||
| 999 | |c 339624 |d 339622 | ||
| 952 | |0 0 |1 0 |4 0 |6 635_980000000000000_FIL_2008 |7 0 |8 A |9 433368 |a BIBAGR |b BIBAGR |d 2019-11-22 |i 4635620 |l 3 |o 635.98 FIL 2008 |p 4635620 |r 2025-01-20 |s 2024-09-16 |w 2019-11-22 |y BK |k AGR | ||